000 01034nam a2200349 a 4500
001 vtls000845347
003 NLI
005 20210627063416.0
008 110428s2007 ii 000 p tam d
020 _cRs.35.00 (pbk)
039 9 _y201104282010
_zVLOAD
040 _aNLI
_cNLMARC21
041 0 _atam
044 _aii
082 0 4 _a894.8111
_222
100 1 _6880-01
_aகாதர் கனி,தை.கா
_9813208
245 1 0 _6880-02
_aதுனை எழுத்து
_cதை.கா.காதர் கனி
260 _aசிவகங்கை
_bமீரா பதிப்பகம்
_c2007
300 _a76 P
_c22 cm
650 0 _aTamil poetry
700 1 _6880-03
880 1 _6100-01/(B
_aKatar kani,T.K
880 1 0 _6245-02/(B
_aTunai eluttu
_cT.K.Katar kani
880 0 0 _6700-03/(B
887 _aK7
901 _aTAM67162
_b1.2.2008
902 _aTa 894.8111 Ka 743 t
904 _aK7
949 _AVIRTUAITEM
_D10000
_X100
_6DBA000067162 TAM
942 _2ddc
_cBKS
999 _aVIRTUA40
_c690339
_d690339